书目信息 |
| 题名: |
货币政策理论反思及中国政策框架转型
|
|
| 作者: | 范志勇 著 | |
| 分册: | ||
| 出版信息: | 北京 中国社会科学出版社 2016 |
|
| 页数: | 223页 | |
| 开本: | 24cm | |
| 丛书名: | 国家发展与战略丛书 | |
| 单 册: | ||
| 中图分类: | F822.0 | |
| 科图分类: | ||
| 主题词: | 货币政策--huo bi zheng ce--研究--中国 | |
| 电子资源: | ||
| ISBN: | 978-7-5161-8062-4 | |
| 000 | 01412nam0 22002771 450 | |
| 001 | 0119171251 | |
| 005 | 20170619171251.0 | |
| 010 | @a978-7-5161-8062-4@dCNY56.00 | |
| 100 | @a20160701d2016 em y0chiy50 ea | |
| 101 | 0 | @achi |
| 102 | @aCN@b110000 | |
| 105 | @ay z 000yy | |
| 106 | @ar | |
| 200 | 1 | @a货币政策理论反思及中国政策框架转型@9huo bi zheng ce li lun fan si ji zhong guo zheng ce kuang jia zhuai xing@dThe reflection on monetary theory and the reform of Chinese policy system@f范志勇著@zeng |
| 210 | @a北京@c中国社会科学出版社@d2016 | |
| 215 | @a223页@d24cm | |
| 225 | 2 | @a国家发展与战略丛书@9guo jia fa zhan yu zhan lue cong shu@i人大国发院智库丛书@f刘元春主编 |
| 300 | @a国家社会科学基金重大项目“从'大缓和'到‘大衰退’的西方宏观经济学理论与政策的大反思”、马克思主义理论研究和建设工程重大项目“防范和化解经济金融风险”、北京市社会科学基金重点项目“开放视角下的中国货币政策框架的重构”资助 | |
| 330 | @a本书试图在梳理金融危机之后发达国家货币政策理论新变化的基础上,结合中国货币政策体系现状,考察新的理论发展和实践经验如何为完善中国货币政策体系提供借鉴。 | |
| 461 | 0 | @12001 @a国家发展与战略丛书 |
| 510 | 1 | @aReflection on monetary theory and the reform of Chinese policy system@zeng |
| 606 | 0 | @a货币政策@9huo bi zheng ce@x研究@y中国 |
| 690 | @aF822.0@v5 | |
| 701 | 0 | @a范志勇@9fan zhi yong@f(1977~)@4著 |
| 801 | 0 | @aCN@b百万庄@c20170616 |
| 905 | @b1011999-2004@dF822.0@e83@f6 | |
| 货币政策理论反思及中国政策框架转型=The reflection on monetary theory and the reform of Chinese policy system/范志勇著.-北京:中国社会科学出版社,2016 |
| 223页;24cm.-(国家发展与战略丛书.人大国发院智库丛书/刘元春主编) |
| 国家社会科学基金重大项目“从'大缓和'到‘大衰退’的西方宏观经济学理论与政策的大反思”、马克思主义理论研究和建设工程重大项目“防范和化解经济金融风险”、北京市社会科学基金重点项目“开放视角下的中国货币政策框架的重构”资助 |
| ISBN 978-7-5161-8062-4:CNY56.00 |
| 本书试图在梳理金融危机之后发达国家货币政策理论新变化的基础上,结合中国货币政策体系现状,考察新的理论发展和实践经验如何为完善中国货币政策体系提供借鉴。 |
| ● |
| 相关链接 |
|
|
|
|
正题名:货币政策理论反思及中国政策框架转型
索取号:F822.0/83
 
预约/预借
| 序号 | 登录号 | 条形码 | 馆藏地/架位号 | 状态 | 备注 |
| 1 | 1011999 | 210119995 | 第一样本阅览室/ [索取号:F822.0/83] | 在馆 | |
| 2 | 1012000 | 210120000 | 教育系资料室/ [索取号:F822.0/83] | 在馆 | |
| 3 | 1012001 | 210120019 | 教育系资料室/ [索取号:F822.0/83] | 在馆 | |
| 4 | 1012002 | 210120028 | 教育系资料室/ [索取号:F822.0/83] | 在馆 | |
| 5 | 1012003 | 210120037 | 第一借阅区/ [索取号:F822.0/83] | 在馆 | |
| 6 | 1012004 | 210120046 | 第一借阅区/ [索取号:F822.0/83] | 在馆 |